| 000 | 00767nam a2200205Ia 4500 | ||
|---|---|---|---|
| 003 | GCL | ||
| 008 | 140319s9999 xx 000 0 ara d | ||
| 020 | _a868215977 | ||
| 040 |
_aGCL / _cGCL |
||
| 082 | 0 | 4 |
_a416 _bم ق |
| 100 | 1 | _aمحمد عبدالمجيد الطويل | |
| 245 | 1 | 0 |
_aالقافية : _bدراسة فى الدلالة / _cمحمد عبدالمجيد الطويل |
| 250 | _aالاولى | ||
| 260 |
_aالقاهرة : _bدار غريب للطباعة والنشر والتوزيع ، _c2006 |
||
| 300 |
_a77 ص ؛ _c23 سم |
||
| 650 | 0 | 4 | _aالاوزان الشعرية |
| 650 | 0 | 4 | _aاللغة العربية- العروض والقوافى |
| 650 | 0 | 4 | _aاللغة العربية- المترادفات والاضداد |
| 942 |
_2ddc _cBK |
||
| 999 |
_c35515 _d35515 |
||